Лело : (Record no. 153089)
[ view plain ]
| 000 -LEADER | |
|---|---|
| fixed length control field | 00636nam a2200181 a 4500 |
| 001 - CONTROL NUMBER | |
| control field | 000403439 |
| 003 - CONTROL NUMBER IDENTIFIER | |
| control field | AM-YeHGA |
| 005 - DATE AND TIME OF LATEST TRANSACTION | |
| control field | 20250617132540.0 |
| 008 - FIXED-LENGTH DATA ELEMENTS--GENERAL INFORMATION | |
| fixed length control field | 050118s1951 ||| r 000 0 rus d |
| 040 ## - CATALOGING SOURCE | |
| Original cataloging agency | AM-YeHGA |
| 041 1# - LANGUAGE CODE | |
| Language code of text/sound track or separate title | rus |
| Language code of original | geo |
| 090 ## - LOCALLY ASSIGNED LC-TYPE CALL NUMBER (OCLC); LOCAL CALL NUMBER (RLIN) | |
| -- | 154485 |
| 100 1# - MAIN ENTRY--PERSONAL NAME | |
| Personal name | Чейшвили, Александр Николаевич |
| 245 10 - TITLE STATEMENT | |
| Title | Лело : |
| Remainder of title | Роман : Пер. с гр. / |
| Statement of responsibility, etc. | А. Чейшвили; Авториз. пер. Г. Аккермана, А. Кочеткова. |
| 260 ## - PUBLICATION, DISTRIBUTION, ETC. | |
| Place of publication, distribution, etc. | Москва : |
| Name of publisher, distributor, etc. | Госиздат худож. лит., |
| Date of publication, distribution, etc. | 1951. |
| 300 ## - PHYSICAL DESCRIPTION | |
| Extent | 343 с. |
| 700 1# - ADDED ENTRY--PERSONAL NAME | |
| Personal name | Аккерман, Г |
| Relator term | пер. |
| Relationship | trl |
| Withdrawn status | Lost status | Damaged status | Not for loan | Collection | Home library | Current library | Date acquired | Total checkouts | Full call number | Barcode | Date last seen | Price effective from | Koha item type | Public note | Source of classification or shelving scheme |
|---|---|---|---|---|---|---|---|---|---|---|---|---|---|---|---|
| General | Fundamental Scientific Library | Fundamental Scientific Library | 28/12/2016 | 894.631 | 120621507 | 28/12/2016 | 28/12/2016 | Գրքեր / Books | Two weeks Loan | ||||||
| General | Fundamental Scientific Library | Fundamental Scientific Library | 14/02/2019 | РД II/41193 | FL0549996 | 14/02/2019 | 14/02/2019 | Գրքեր / Books | 30 Days Loan | Universal Decimal Classification |
ՀՀ Գիտությունների ազգային ակադեմիայի հիմնարար գիտական գրադարան = Fundamental Scientific Library of NAS RA
All site content, except where otherwise noted, is licensed under a